| 000 | 01578nam a2200433Ii 4500 | ||
|---|---|---|---|
| 001 | DIGPUCP103 | ||
| 003 | NyNyDIG | ||
| 006 | m o d | ||
| 007 | cr ||||||||||| | ||
| 008 | 130601s2010 pe ac ob 010 0 spa d | ||
| 020 | _z9789972429224 | ||
| 020 | _z9972429229 | ||
| 035 | _a(OCoLC)888275005 | ||
| 040 |
_aDGITA _beng _epn _cDGITA |
||
| 043 | _as-pe--- | ||
| 050 | 1 | 4 | _aKHQ3003 eBook |
| 245 | 0 | 0 |
_aTeoría económica y desarrollo social : _bexclusión, desigualdad y democracia : homenaje a Adolfo Figueroa / _cFélix Jiménez, editor. |
| 250 | _a1a. ed. | ||
| 264 | 1 |
_aLima, Peru : _bPontificia Universidad Católica del Perú, Fondo Editorial, _c2010. |
|
| 300 |
_a1 online resource (388 pages) : _bill. port. |
||
| 336 |
_atext _btxt _2rdacontent |
||
| 337 |
_acomputer _bc _2rdamedia |
||
| 338 |
_aonline resource _bcr _2rdacarrier |
||
| 500 | _a"Bibliografía temática de Adolfo Figueroa" (p. [377]-383). | ||
| 504 | _aIncludes bibliographical references. | ||
| 600 | 1 | 0 | _aFigueroa, Adolfo. |
| 650 | 0 | _aIncome distribution. | |
| 650 | 0 | _aDistribution (Economic theory) | |
| 650 | 0 |
_aEconomic development _xSocial aspects. |
|
| 650 | 0 | _aMarginality, Social. | |
| 655 | 0 | _aElectronic books. | |
| 700 | 1 | _aFigueroa, Adolfo. | |
| 700 | 1 | _aJiménez, Félix. | |
| 791 | 2 |
_aDigitalia (Firm), _edistributor. |
|
| 793 | 0 |
_gDigitalia eBook Collection: _aPontificia Universidad Católica del Perú. |
|
| 856 | 4 | 0 |
_3Digitalia Hispánica _uhttps://www.digitaliapublishing.com/a/9834/ |
| 910 | _aPremium Collection: 2007-2012 | ||
| 942 | _cRAA | ||
| 999 |
_c232231 _d232231 |
||